| 000 -LEADER |
| fixed length control field |
00324nam a22001217a 4500 |
| 008 - FIXED-LENGTH DATA ELEMENTS--GENERAL INFORMATION |
| fixed length control field |
250324b ||||| |||| 00| 0 eng d |
| 020 ## - INTERNATIONAL STANDARD BOOK NUMBER |
| International Standard Book Number |
9781408308035 |
| 082 ## - DEWEY DECIMAL CLASSIFICATION NUMBER |
| Classification number |
FIC LAW |
| 100 ## - MAIN ENTRY--PERSONAL NAME |
| Personal name |
LAWRENCE,MICHAEL |
| Relator term |
AUTHOR |
| 245 ## - TITLE STATEMENT |
| Title |
JIGGY'S MAGIC BALL |
| 260 ## - PUBLICATION, DISTRIBUTION, ETC. |
| Place of publication, distribution, etc. |
338 EUSTON ROAD,LONDON NW1 3BH |
| Name of publisher, distributor, etc. |
ORCHARD BOOKS |
| Date of publication, distribution, etc. |
2010 |
| 942 ## - ADDED ENTRY ELEMENTS (KOHA) |
| Source of classification or shelving scheme |
|